00427nam a2200133Ia 4500008004100000100001700041245009100058245001700149260005900166260000900225650001800234650001500252856002600267170221s9999 xx 000 0 und d aMarla Koonin aManaging Risk, Reputation and Identity of Young Adults in a Social Media Environment  cMarla Koonin bOnline Journal of Communication and Media Technologies c2016 xCommunication xMedia Arts uhttp://www.ojcmt.net/